<?xml version="1.0" encoding="UTF-8"?>
<collection xmlns="http://www.loc.gov/MARC21/slim">
 <record>
  <leader>03242nam a22005657a 4500</leader>
  <controlfield tag="001">000265169</controlfield>
  <controlfield tag="003">CZ-PrVSE</controlfield>
  <controlfield tag="005">20210803105902.0</controlfield>
  <controlfield tag="007">ta</controlfield>
  <controlfield tag="008">141208m18451846gw     fr     000 0 ger d</controlfield>
  <datafield tag="020" ind1=" " ind2=" ">
   <subfield code="q">(Váz.)</subfield>
  </datafield>
  <datafield tag="040" ind1=" " ind2=" ">
   <subfield code="a">ABA006</subfield>
   <subfield code="b">cze</subfield>
   <subfield code="c">ABA006</subfield>
   <subfield code="d">ABA006</subfield>
  </datafield>
  <datafield tag="041" ind1="1" ind2=" ">
   <subfield code="a">ger</subfield>
   <subfield code="h">fre</subfield>
  </datafield>
  <datafield tag="072" ind1=" " ind2="7">
   <subfield code="a">330.5+338</subfield>
   <subfield code="x">Národní hospodářství a hospodářská politika</subfield>
   <subfield code="2">Konspekt</subfield>
   <subfield code="9">4</subfield>
  </datafield>
  <datafield tag="072" ind1=" " ind2="9">
   <subfield code="a">339</subfield>
   <subfield code="x">Macroeconomics and related topics</subfield>
   <subfield code="2">Conspectus</subfield>
   <subfield code="9">4</subfield>
  </datafield>
  <datafield tag="080" ind1=" " ind2=" ">
   <subfield code="a">33</subfield>
   <subfield code="2">MRF_2003</subfield>
  </datafield>
  <datafield tag="080" ind1=" " ind2=" ">
   <subfield code="a">330.8</subfield>
   <subfield code="2">MRF_2003</subfield>
  </datafield>
  <datafield tag="080" ind1=" " ind2=" ">
   <subfield code="a">330.821.1</subfield>
   <subfield code="2">MRF_2003</subfield>
  </datafield>
  <datafield tag="080" ind1=" " ind2=" ">
   <subfield code="a">(075)</subfield>
   <subfield code="2">MRF_2003</subfield>
  </datafield>
  <datafield tag="099" ind1=" " ind2="9">
   <subfield code="a">330.8SAY</subfield>
  </datafield>
  <datafield tag="100" ind1="1" ind2=" ">
   <subfield code="a">Say, Jean-Baptiste,</subfield>
   <subfield code="d">1767-1832</subfield>
   <subfield code="7">vse2005299804</subfield>
   <subfield code="4">aut</subfield>
  </datafield>
  <datafield tag="245" ind1="1" ind2="0">
   <subfield code="a">Ausführliches Lehrbuch der praktischen Politischen Oekonomie /</subfield>
   <subfield code="c">von J.B. Say ; Deutsch mit Anmerkungen von Max Stirner</subfield>
  </datafield>
  <datafield tag="260" ind1=" " ind2=" ">
   <subfield code="a">Leipzig :</subfield>
   <subfield code="b">Otto Wigand,</subfield>
   <subfield code="c">1845-1846</subfield>
  </datafield>
  <datafield tag="300" ind1=" " ind2=" ">
   <subfield code="a">svazky</subfield>
  </datafield>
  <datafield tag="490" ind1="1" ind2=" ">
   <subfield code="a">National-Oekonomen der Franzosen und Engländer ;</subfield>
   <subfield code="v">Bd. 1-4</subfield>
  </datafield>
  <datafield tag="500" ind1=" " ind2=" ">
   <subfield code="a">Přeloženo z francouzštiny</subfield>
  </datafield>
  <datafield tag="504" ind1=" " ind2=" ">
   <subfield code="a">Obsahuje bibliografické odkazy</subfield>
  </datafield>
  <datafield tag="505" ind1="1" ind2=" ">
   <subfield code="a">Bd. 1. 1845. 419 s. — Bd. 2. 1845. 421 s. — Bd. 3. 1845. 468 s. — Bd. 4. 1846. 248 s.</subfield>
  </datafield>
  <datafield tag="546" ind1=" " ind2=" ">
   <subfield code="a">Tištěno švabachem</subfield>
  </datafield>
  <datafield tag="650" ind1="0" ind2="7">
   <subfield code="a">ekonomie</subfield>
   <subfield code="7">ph114430</subfield>
   <subfield code="2">czenas</subfield>
  </datafield>
  <datafield tag="650" ind1="0" ind2="7">
   <subfield code="a">ekonomické teorie</subfield>
   <subfield code="7">ph114428</subfield>
   <subfield code="2">czenas</subfield>
  </datafield>
  <datafield tag="650" ind1="0" ind2="7">
   <subfield code="a">klasická ekonomie</subfield>
   <subfield code="7">ph433029</subfield>
   <subfield code="2">czenas</subfield>
  </datafield>
  <datafield tag="655" ind1=" " ind2="7">
   <subfield code="a">učebnice</subfield>
   <subfield code="7">fd133770</subfield>
   <subfield code="2">czenas</subfield>
  </datafield>
  <datafield tag="650" ind1="0" ind2="9">
   <subfield code="a">economics</subfield>
   <subfield code="2">eczenas</subfield>
  </datafield>
  <datafield tag="650" ind1="0" ind2="9">
   <subfield code="a">economics (theory)</subfield>
   <subfield code="2">eczenas</subfield>
  </datafield>
  <datafield tag="650" ind1="0" ind2="9">
   <subfield code="a">classical school of economics</subfield>
   <subfield code="2">eczenas</subfield>
  </datafield>
  <datafield tag="655" ind1=" " ind2="9">
   <subfield code="a">textbooks</subfield>
   <subfield code="2">eczenas</subfield>
  </datafield>
  <datafield tag="700" ind1="1" ind2=" ">
   <subfield code="a">Stirner, Max,</subfield>
   <subfield code="d">1806-1856</subfield>
   <subfield code="7">skuk0001335</subfield>
   <subfield code="4">trl</subfield>
  </datafield>
  <datafield tag="765" ind1="0" ind2=" ">
   <subfield code="t">Cours complet d'économie politique pratique</subfield>
   <subfield code="9">Německy</subfield>
  </datafield>
  <datafield tag="830" ind1=" " ind2="0">
   <subfield code="a">National-Oekonomen der Franzosen und Engländer</subfield>
  </datafield>
  <datafield tag="BAS" ind1=" " ind2=" ">
   <subfield code="a">PNGMM</subfield>
  </datafield>
  <datafield tag="910" ind1=" " ind2=" ">
   <subfield code="a">ABA006</subfield>
   <subfield code="b">P3873/I (Bd. 1-2)</subfield>
   <subfield code="b">P3873/II (Bd. 3-4)</subfield>
   <subfield code="b">F40557/I (Bd. 1)</subfield>
   <subfield code="b">F53044/II (Bd. 2)</subfield>
   <subfield code="b">F40557/III (Bd. 3)</subfield>
   <subfield code="b">F53044/IV (Bd. 4)</subfield>
   <subfield code="s">sv. 1-4</subfield>
   <subfield code="t">v</subfield>
  </datafield>
  <datafield tag="996" ind1=" " ind2=" ">
   <subfield code="1">PDPZ1</subfield>
   <subfield code="2">SHSF</subfield>
   <subfield code="3">F40557/I</subfield>
   <subfield code="4">N:G; PC=11069/57</subfield>
   <subfield code="5">3142353267</subfield>
   <subfield code="7">Band I</subfield>
   <subfield code="8">20210803</subfield>
   <subfield code="9">330.8SAY</subfield>
   <subfield code="b">Band 1</subfield>
   <subfield code="f">89</subfield>
   <subfield code="h">Band I</subfield>
   <subfield code="l">UEP01</subfield>
   <subfield code="m">BOOK</subfield>
   <subfield code="q">Knihovna Žižkov depoz. 1</subfield>
   <subfield code="r">HSF</subfield>
   <subfield code="t">přísně prezenční</subfield>
   <subfield code="u">UEP01</subfield>
   <subfield code="w">20210803</subfield>
  </datafield>
  <datafield tag="996" ind1=" " ind2=" ">
   <subfield code="1">PDPZ1</subfield>
   <subfield code="2">SHSF</subfield>
   <subfield code="3">F40557/III</subfield>
   <subfield code="4">N:G; PC=11070/57</subfield>
   <subfield code="5">3142353259</subfield>
   <subfield code="7">Band III</subfield>
   <subfield code="8">20210802</subfield>
   <subfield code="9">330.8SAY</subfield>
   <subfield code="b">Band 3</subfield>
   <subfield code="f">89</subfield>
   <subfield code="h">Band III</subfield>
   <subfield code="l">UEP01</subfield>
   <subfield code="m">BOOK</subfield>
   <subfield code="q">Knihovna Žižkov depoz. 1</subfield>
   <subfield code="r">HSF</subfield>
   <subfield code="t">přísně prezenční</subfield>
   <subfield code="u">UEP01</subfield>
   <subfield code="w">20210802</subfield>
  </datafield>
  <datafield tag="996" ind1=" " ind2=" ">
   <subfield code="1">PDPZ1</subfield>
   <subfield code="2">SHSF</subfield>
   <subfield code="3">F53044/II</subfield>
   <subfield code="4">N:G; PC=10091/58; SI=F53044/2</subfield>
   <subfield code="5">3142339195</subfield>
   <subfield code="7">Band II</subfield>
   <subfield code="8">20200518</subfield>
   <subfield code="9">330.8SAY</subfield>
   <subfield code="b">Band 2</subfield>
   <subfield code="f">89</subfield>
   <subfield code="h">Band II</subfield>
   <subfield code="l">UEP01</subfield>
   <subfield code="m">BOOK</subfield>
   <subfield code="q">Knihovna Žižkov depoz. 1</subfield>
   <subfield code="r">HSF</subfield>
   <subfield code="t">přísně prezenční</subfield>
   <subfield code="u">UEP01</subfield>
   <subfield code="w">20200518</subfield>
  </datafield>
  <datafield tag="996" ind1=" " ind2=" ">
   <subfield code="1">PDPZ1</subfield>
   <subfield code="2">SHSF</subfield>
   <subfield code="3">F53044/IV</subfield>
   <subfield code="4">N:P; PC=10092/58; SI=F53044/4</subfield>
   <subfield code="5">3142339196</subfield>
   <subfield code="7">Band IV</subfield>
   <subfield code="8">20200518</subfield>
   <subfield code="9">330.8SAY</subfield>
   <subfield code="b">Band 4</subfield>
   <subfield code="f">89</subfield>
   <subfield code="h">Band IV</subfield>
   <subfield code="l">UEP01</subfield>
   <subfield code="m">BOOK</subfield>
   <subfield code="q">Knihovna Žižkov depoz. 1</subfield>
   <subfield code="r">HSF</subfield>
   <subfield code="t">přísně prezenční</subfield>
   <subfield code="u">UEP01</subfield>
   <subfield code="w">20200518</subfield>
  </datafield>
  <datafield tag="996" ind1=" " ind2=" ">
   <subfield code="1">PDPZ1</subfield>
   <subfield code="2">SHSF</subfield>
   <subfield code="3">P3873/I</subfield>
   <subfield code="4">N:G; PC=320/67; JM=A6554/I+II</subfield>
   <subfield code="5">3142278445</subfield>
   <subfield code="7">Band I-II</subfield>
   <subfield code="8">20141208</subfield>
   <subfield code="9">330.8SAY</subfield>
   <subfield code="b">Band 1-2</subfield>
   <subfield code="f">89</subfield>
   <subfield code="h">Band I-II</subfield>
   <subfield code="l">UEP01</subfield>
   <subfield code="m">BOOK</subfield>
   <subfield code="q">Knihovna Žižkov depoz. 1</subfield>
   <subfield code="r">HSF</subfield>
   <subfield code="t">přísně prezenční</subfield>
   <subfield code="u">UEP01</subfield>
   <subfield code="w">20150128</subfield>
  </datafield>
  <datafield tag="996" ind1=" " ind2=" ">
   <subfield code="1">PDPZ1</subfield>
   <subfield code="2">SHSF</subfield>
   <subfield code="3">P3873/II</subfield>
   <subfield code="4">N:G; PC=321/67; JM=A6554/III+IV</subfield>
   <subfield code="5">3142278448</subfield>
   <subfield code="7">Band III-IV</subfield>
   <subfield code="8">20141208</subfield>
   <subfield code="9">330.8SAY</subfield>
   <subfield code="b">Band 3-4</subfield>
   <subfield code="f">89</subfield>
   <subfield code="h">Band III-IV</subfield>
   <subfield code="l">UEP01</subfield>
   <subfield code="m">BOOK</subfield>
   <subfield code="q">Knihovna Žižkov depoz. 1</subfield>
   <subfield code="r">HSF</subfield>
   <subfield code="t">přísně prezenční</subfield>
   <subfield code="u">UEP01</subfield>
   <subfield code="w">20150128</subfield>
  </datafield>
 </record>
</collection>
